LEADER 01353nam a2200277 u 4500 001 000000023297 003 CaOOAMICUS 005 20070226111225.0 008 950424s1926 au u000 u lat u 035 $a10585501 040 $aIDeKN$bita$dNIC$dCStRLIN$dPUL(R)$dISV 100 1 $aPrudentius Clemens, Aurelius,$d348-405.$0(OLS)http://pul/name/4168 240 10$aOpere$9(Prudentius Clemens, Aurelius, 348-405).$0(OLS)http://pul/title/32402 245 10$aAurelii Prudentii Clementis Carmina /$crecensuit et prolegomenis, commentario critico, indicibus instruxit Ioannes Bergman. 260 $aVindobonae :$bHoelder-Pichler-Tempsky,$c1926. 300 $alvi, 578 p. ;$c23 cm 490 1 $aCorpus scriptorum ecclesiasticorum Latinorum ;$v61 504 $aContiene indici. 700 1 $aBergman, Johan,$d1864-1951.$0(OLS)http://pul/name/19663 830 0$aCorpus scriptorum ecclesiasticorum Latinorum ;$v61.$0(OLS)http://pul/title/1658 850 $aPUL 852 $aPUL$W1$xSL Cons. Gen., Altre Classi 1$y1$m2004$j1449$nBK-PRI$b $qStampati$B32675$CPULBib$Z2$F32675 $H $81 900 $aPrudenzio Clemente, Aurelio,$d348-405$94168 941 1 $a8 996 $6245$aAurelii Prudentii Clementis Carmina$9(OLS)http://pul/title/32403 996 $6260$aVindobonae :$bHoelder-Pichler-Tempsky$9(OLS)http://pul/publisher/48542 LEADER 01636nam a2200361 a 4500 001 000000134873 003 CaOOAMICUS 005 20220621144711.0 008 130705s2013 it u000 u ita r 020 $a978-88-394-0852-5 032 $aLibriCat 040 $aPUL$bita 041 1 $aita$heng 130 0 $aCambridge companion to the Talmud and rabbinic literature.$lItaliano.$0(OLS)http://pul/title/170571 245 13$aIl Talmud e la letteratura rabbinica /$ca cura di Charlotte Elisheva Fonrobert, Martin S. Jaffee ; edizione italiana a cura di Mauro Perani. 260 $aBrescia :$bPaideia,$c2013. 300 $a427 p. ;$c23 cm. 490 1 $aIntroduzione allo studio della Bibbia. Supplementi ;$v58 500 $aInclude indici. 504 $aBibliografia p. [383]-407. 630 04$aTalmud.$0(OLS)http://pul/subject/16993 650 4$aLetteratura ebraica.$0(OLS)http://pul/subject/8236 700 1 $aFonrobert, Charlotte Elisheva.$0(OLS)http://pul/name/86889 700 1 $aJaffee, Martin S.$0(OLS)http://pul/name/86890 700 1 $aPerani, Mauro,$d1949-$0(OLS)http://pul/name/25204 830 0$aIntroduzione allo studio della Bibbia.$pSupplementi ;$v58.$0(OLS)http://pul/title/41883 850 $aPUL 852 $aPUL$W1$xSL Religione 1$y3$m1 C 112.58$j155150$qStampati$B154703$CPULBib$Z2$F154703 $H122697 $82 941 1 $a8 996 $6020$a978-88-394-0852-5$9(OLS)http://pul/number/153248 996 $6245$aIl Talmud e la letteratura rabbinica$9(OLS)http://pul/title/170572 996 $6260$aBrescia :$bPaideia$9(OLS)http://pul/publisher/47884